书目信息 |
| 题名: |
中华药茶谱
|
|
| 作者: | 卢祥之 编著 | |
| 分册: | ||
| 出版信息: | 北京 科学出版社 1997.07 |
|
| 页数: | 590页 | |
| 开本: | 32开 | |
| 丛书名: | ||
| 单 册: | ||
| 中图分类: | R247.1 | |
| 科图分类: | ||
| 主题词: | 中医学:临床医学 | |
| 电子资源: | ||
| ISBN: | 7-03-006263-9 | |
| 000 | 00544nam0 2200193 45 | |
| 001 | 0011271798 | |
| 005 | 20001127170911.0 | |
| 010 | @a7-03-006263-9@d32.00元 | |
| 100 | @a20001127d1997 km y0chiy0120 ea | |
| 101 | 0 | @achi |
| 105 | @a z 000yy | |
| 200 | 1 | @a中华药茶谱@AZhong Hua Yao Cha Pu@f卢祥之编著@FLu Xiang Zhi Bian Zhu |
| 210 | @a北京@c科学出版社@d1997.07 | |
| 215 | @a590页@d32开 | |
| 606 | 0 | @a中医学:临床医学 |
| 690 | @aR247.1@v3 | |
| 701 | 0 | @a卢祥之@4编著 |
| 801 | @aCN@bPftUser@c20001127 | |
| 905 | @b505928-931@dR247.1@eL980@f4 | |
| 中华药茶谱/卢祥之编著.-北京:科学出版社,1997.07 |
| 590页;32开 |
| ISBN 7-03-006263-9:32.00元 |
| ● |
| 相关链接 |
|
|
|
正题名:中华药茶谱
索取号:R247.1/L980
 
预约/预借
| 序号 | 登录号 | 条形码 | 馆藏地/架位号 | 状态 | 备注 |
| 1 | 505928 | 205059283 | 自科二线504/504自科库 9排4列3层/ [索取号:R247.1/L980] | 在馆 | |
| 2 | 505929 | 205059292 | 自科库401/401自科库 11排1列1层/ [索取号:R247.1/L980] | 在馆 | |
| 3 | 505930 | 205059309 | 自科二线504/110考试书库 8排3列3层/ [索取号:R247.1/L980] | 在馆 | |
| 4 | 505931 | 205059318 | 自科二线504/401自科库 10排1列4层/ [索取号:R247.1/L980] | 在馆 |